MARC

LEADER 00000nam0a2200000 4500
001 258423
005 20231101233309.0
010 |a 5785500043 
035 |a (RuTPU)RU\TPU\book\281279 
090 |a 258423 
100 |a 20140424d1988 km y0rusy50 ca 
101 0 |a rus 
102 |a BY 
105 |a a z 001zy 
200 1 |a Распознание в природе и природа распознавания  |f Р. К. Баландин 
210 |a Минск  |c Университетское  |d 1988 
215 |a 191 с.  |c ил. 
225 1 |a Необычное в обычном 
320 |a Библиогр.: с. 189-190. 
606 1 |a Распознающие системы  |2 stltpush  |3 (RuTPU)RU\TPU\subj\23834  |9 48351 
610 1 |a механические системы 
610 1 |a геологические системы 
610 1 |a информационные геосистемы 
610 1 |a распознавание 
610 1 |a образы 
610 1 |a объекты 
610 1 |a изображения 
610 1 |a опознавание 
675 |a 681.327.12  |v 3 
700 1 |a Баландин  |b Р. К.  |g Рудольф Константинович 
801 1 |a RU  |b 63413507  |c 20140424 
801 2 |a RU  |b 63413507  |c 20141003  |g RCR 
942 |c BK